[Event "Open"]
[Site "Eforie Nord ROU"]
[Date "2010.06.19"]
[Round "2"]
[White "Petrisor,A"]
[Black "Fedorov,Alex"]
[Result "1/2-1/2"]
[WhiteElo "2335"]
[BlackElo "2618"]

1.e4 c5 2.Nf3 e6 3.d4 cxd4 4.Nxd4 a6 5.Nc3 b5 6.Bd3 Bb7 7.O-O Nc6 8.Be3 Nf6
9.Nxc6 Bxc6 10.e5 b4 11.exf6 bxc3 12.fxg7 Bxg7 13.Qg4 Qf6 14.bxc3 Qxc3 15.Rab1 h5
16.Qb4 f5 17.Qxc3 Bxc3 18.Rb3 Bf6 19.f3 Rg8 20.a4 Bxa4 21.Ra3 Bc6 22.Rxa6 Rc8
23.Kh1 Kf7 24.Rb1 Rg7 25.Bf1 Bd5 26.Ra7 Kg6 27.Bd3 Bc4 28.Rd1 d5 29.Rxg7+ Bxg7
30.h3 h4 31.Bf2 Bf6 32.f4 Be7 33.Re1 Kf7 34.Rb1 Bxd3 35.cxd3 Bd6 36.Bxh4 Bxf4
37.Rf1 Be3 38.g4 f4 39.Bf2 Kg6 40.Kg2 Rc3 41.Bxe3 fxe3 42.Rd1 Kg5 43.Kf3 d4
44.Ke4 e5 45.Rg1 Rc8 46.Kxe5 Re8+ 47.Kxd4 e2 48.Re1 Kf4 49.Kc5 Ke3 50.d4 Kf2  1/2-1/2

[Event "14th FIDE Open"]
[Site "Voronezh RUS"]
[Date "2010.06.19"]
[Round "7"]
[White "Shugaev,S"]
[Black "Butneva,L"]
[Result "0-1"]
[WhiteElo "2128"]
[BlackElo "1876"]

1.e4 c5 2.Nf3 e6 3.d4 cxd4 4.Nxd4 a6 5.Nc3 Qc7 6.Be3 Bb4 7.Qd2 Nf6 8.Bd3 d5
9.exd5 Nxd5 10.Nde2 O-O 11.O-O Nxe3 12.Qxe3 Bd6 13.h3 Nc6 14.Rad1 Ne5 15.Ne4 Be7
16.Qg3 f5 17.Nd2 Bd6 18.Qe3 Bd7 19.Nb3 Rae8 20.Qd4 Nxd3 21.Qxd3 Bh2+ 22.Kh1 Bb5
23.Qe3 Be5 24.c3 f4 25.Qd2 f3 26.Ned4 fxg2+ 27.Kxg2 Bxf1+ 28.Rxf1 Rf6 29.Kh1 b5
30.Qe3 Qb7+ 31.f3 Bb8 32.Nc5 Qc7 33.Qe2 Qxc5 34.Rg1 Qd5 35.Qd2 e5 36.Rxg7+ Kxg7
37.Nf5+ Rxf5 38.Qxd5 Ref8 39.Qb7+ R5f7 40.Qxa6 Rxf3 41.Qxb5 Rf1+ 42.Kg2 R1f2+
43.Kh1 e4 44.Qb7+ Kh8 45.Qb6 Rf1+ 46.Kg2 R1f4 47.Qd4+ Kg8 48.a4 Bc7 49.b4 h6
50.Qc4+ R8f7 51.a5 Kh7 52.Kg1 Rg7+ 53.Kh1 Rh4 54.Qf1 Bf4 55.a6 Rg3 56.b5 Rhxh3+
57.Qxh3 Rxh3+ 58.Kg2 Rxc3 59.Kf1 Be3 60.Ke1 Rb3  0-1

[Event "14th Master Open"]
[Site "Voronezh RUS"]
[Date "2010.06.19"]
[Round "7"]
[White "Lukjanenko,A"]
[Black "Inants,A"]
[Result "1-0"]
[WhiteElo "2375"]
[BlackElo "2259"]

1.e4 c5 2.Nf3 e6 3.Nc3 a6 4.d4 cxd4 5.Nxd4 b5 6.Bd3 Bb7 7.O-O d6 8.a4 b4
9.Na2 Nf6 10.Re1 Be7 11.Bd2 a5 12.Bb5+ Nfd7 13.c3 bxc3 14.Bxc3 O-O 15.Qd2 Nc5
16.Qc2 f5 17.exf5 e5 18.Nb3 Nxb3 19.Qxb3+ Kh8 20.Rad1 Qc7 21.Rc1 Nd7 22.Bxe5 Nc5
23.Bd4 Rxf5 24.Qe3 Bg5 25.Qh3 Qf7 26.Rc3 Rf8 27.Bc4 Bd5 28.Bxd5 Qxd5 29.Bxc5 dxc5
30.Rf3 g6 31.Rxf5 Rxf5 32.Nc1 Bf6 33.Qb3 Qd2 34.Re8+ Kg7 35.Rg8+ Kh6 36.Qh3+ Rh5
37.Qe3+ Qxe3 38.fxe3 Bxb2 39.Nd3 Ba3 40.Rc8 Rd5 41.Nf4 Re5 42.Kf2 Re4 43.h4 Bc1
44.Nd3 Ba3 45.Nf4 Bc1 46.Nd3 Ba3 47.Nf4 Rxa4 48.g4 Re4 49.Rg8 Rxf4+ 50.exf4 Bc1
51.Kf3 Bb2  1-0

[Event "14th Master Open"]
[Site "Voronezh RUS"]
[Date "2010.06.19"]
[Round "7"]
[White "Matinian,N"]
[Black "Zubov,A UKR"]
[Result "0-1"]
[WhiteElo "2348"]
[BlackElo "2586"]

1.e4 c5 2.Nf3 e6 3.d4 cxd4 4.Nxd4 a6 5.Nc3 Qc7 6.f4 Bb4 7.Bd2 Ne7 8.Bd3 d6
9.Qf3 Nbc6 10.Qg3 O-O 11.Nf3 f5 12.O-O-O Bc5 13.exf5 Nxf5 14.Bxf5 Rxf5 15.Ne4 Bb6
16.Rhe1 d5 17.Neg5 Rf6 18.Bc3 Qxf4+ 19.Qxf4 Rxf4 20.Nxe6 Re4 21.Nfg5 Be3+
22.Kb1 Bxg5 23.Nxg5 Rxe1 24.Rxe1 Bf5 25.Ne6 Re8 26.Nc5 Rf8 27.Nxb7 Bg6 28.Nc5 Rf2
29.Nd3 Bxd3 30.cxd3 d4 31.Re8+ Kf7 32.Be1 Rxg2 33.Re4 Rxh2 34.b4 Rh5 35.Kc2 Rf5
36.a4 g5 37.Kb3 h5 38.Kc4 Ne5+ 39.Kxd4 Nf3+ 40.Kc4 h4 41.b5 axb5+ 42.axb5 Nxe1
43.Rxe1 Kg6 44.b6 Rf8 45.b7 g4 46.Kd4 h3 47.Ke3 Kg5 48.Rb1 g3 49.Rb5+ Kg6
50.Rb6+ Kg7 51.b8=Q Rxb8 52.Rxb8 h2 53.Rb4 h1=Q 54.Rg4+ Kf6  0-1

[Event "Open"]
[Site "Teplice CZE"]
[Date "2010.06.20"]
[Round "9"]
[White "Rubes,J"]
[Black "Friml,A"]
[Result "0-1"]
[WhiteElo "1984"]
[BlackElo "2142"]

1.e4 c5 2.Nf3 e6 3.d4 cxd4 4.Nxd4 a6 5.Nc3 Qc7 6.Be2 Nc6 7.Nxc6 dxc6 8.O-O e5
9.f4 Bd6 10.f5 Bc5+ 11.Kh1 Nf6 12.Qe1 Bd7 13.Qg3 Rg8 14.Bc4 Bd4 15.Bg5 O-O-O
16.Bxf7 Rgf8 17.Bxf6 gxf6 18.Bc4 Be8 19.Nd1 Bf7 20.Bxf7 Qxf7 21.Qf3 Rg8 22.Re1 h5
23.c3 Ba7 24.Ne3 Rd3 25.Re2 Rgd8 26.g3 Qg8 27.Kg2 Qg5 28.Rae1 Rg8 29.h3 Rgd8
30.Qf2 h4 31.g4 Rd1 32.Qf1 Rxe1 33.Qxe1 Rd3 34.Nf1 Qf4 35.Nh2 Rg3+ 36.Kh1 Rxh3
37.Rg2 Rxh2+ 38.Rxh2 Qf3+ 39.Rg2 h3  0-1

[Event "Open"]
[Site "Teplice CZE"]
[Date "2010.06.20"]
[Round "9"]
[White "Kotrba,M"]
[Black "Cerny,M"]
[Result "0-1"]
[WhiteElo "1947"]
[BlackElo "2193"]

1.e4 c5 2.Nc3 e6 3.Nf3 a6 4.d4 cxd4 5.Nxd4 Qc7 6.g3 h5 7.Bg2 h4 8.O-O hxg3
9.hxg3 Nc6 10.Re1 Nf6 11.Nd5 Nxd5 12.exd5 Nxd4 13.Qxd4 Qc5 14.Qa4 Qb4 15.Qxb4 Bxb4
16.c3 Be7 17.Bf4 f6 18.d6 g5 19.Bxg5 fxg5 20.dxe7 Kxe7 21.Rad1 Rb8 22.Rd4 b5
23.Re5 Kf6 24.Re3 Rh7 25.Rf3+ Ke7 26.Rfd3 d5 27.Rg4 Rh5 28.Bf3 Bd7 29.Rgd4 Rh6
30.Re3 Kd6 31.Red3 Bc6 32.Rd1 Rbh8 33.b3 Kc7 34.Re1 Rf8 35.Bg2 Kd6 36.Red1 Rhf6
37.R4d2 Kc5 38.Re1 a5 39.Re5 Rg8 40.Rde2 Kd6 41.R5e3 Bd7 42.Rd2 Rgf8 43.Red3 Bc6
44.Rd4 Kc5 45.R4d3 b4 46.Rc2 Kd6 47.c4 Rf5 48.Rcd2 Re5 49.Rd1 Rff5 50.Bh3 Rf6
51.Bg2 Kc5 52.Rc1 Kd6 53.Rcd1 g4 54.Rd4 Rg5 55.R4d2 Rgf5 56.Be4 Re5 57.Bg2 Kc5
58.Rc1 Kd6 59.Rcd1 Rg5 60.Rd3 Rh6 61.R3d2 Kc5 62.Rc2 Kb6 63.cxd5 Bxd5 64.Rdc1 Bf3
65.Kf1 Re5 66.Rc8 Rh2  0-1

[Event "14th Master Open"]
[Site "Voronezh RUS"]
[Date "2010.06.20"]
[Round "8"]
[White "Zubov,A UKR"]
[Black "Tunik,G"]
[Result "1-0"]
[WhiteElo "2586"]
[BlackElo "2484"]

1.e4 c5 2.Nf3 e6 3.d4 cxd4 4.Nxd4 a6 5.Nc3 b5 6.Bd3 Bb7 7.O-O d6 8.a4 b4
9.Na2 Nf6 10.Re1 e5 11.Nf5 g6 12.Nh6 d5 13.Qf3 Nbd7 14.exd5 Bxd5 15.Qg3 Bd6
16.Bg5 Qb6 17.c3 a5 18.cxb4 axb4 19.Qh4 e4 20.Bxe4 Nxe4 21.Rxe4+ Be6 22.Rxe6+ fxe6
23.Qe4 Bxh2+ 24.Kxh2 Rxa4 25.Rc1 Qd6+ 26.f4  1-0

[Event "14th Master Open"]
[Site "Voronezh RUS"]
[Date "2010.06.20"]
[Round "8"]
[White "Amanov,Z"]
[Black "Papin,V"]
[Result "0-1"]
[WhiteElo "2398"]
[BlackElo "2520"]

1.e4 c5 2.Nf3 e6 3.Nc3 a6 4.d4 cxd4 5.Nxd4 b5 6.Be2 Bb7 7.Bf3 Qc7 8.O-O Nc6
9.Nxc6 dxc6 10.a4 Bd6 11.g3 Nf6 12.Qe2 O-O 13.Bg2 Rfe8 14.Be3 h6 15.Nb1 Nd7
16.Nd2 e5 17.Nb3 Nb6 18.axb5 cxb5 19.Na5 Bc8 20.b3 Bb4 21.c3 Bxa5 22.b4 Na4
23.bxa5 Be6 24.Rfc1 Qxa5 25.c4 Rac8 26.cxb5 axb5 27.Bd2 Qa6 28.Bb4 Bc4 29.Qf3 Rcd8
30.h4 Qc6 31.Rd1 Rd3 32.Rdc1 Rb3 33.Bd2 Nc5 34.Ra7 Qb6 35.Rca1 Nxe4 36.Be3 Rxe3
37.fxe3  0-1

[Event "Open"]
[Site "Eforie Nord ROU"]
[Date "2010.06.21"]
[Round "5"]
[White "Fedorov,Alex"]
[Black "Filip,L"]
[Result "1-0"]
[WhiteElo "2618"]
[BlackElo "2469"]

1.e4 c5 2.Nf3 e6 3.d4 cxd4 4.Nxd4 a6 5.Nc3 Qc7 6.Bd3 Nf6 7.O-O Bc5 8.Nb3 Be7
9.a4 Nc6 10.f4 d6 11.a5 b5 12.axb6 Qxb6+ 13.Kh1 O-O 14.Qf3 Nb4 15.e5 Bb7
16.Be3 Qc7 17.Qh3 dxe5 18.fxe5 Qxe5 19.Ra5 Qc7 20.Bxh7+ Nxh7 21.Rh5 Qc6 22.Rf3 f5
23.Rxh7 e5 24.Rg3 Bf6 25.Qh5  1-0

[Event "14th FIDE Open"]
[Site "Voronezh RUS"]
[Date "2010.06.21"]
[Round "9"]
[White "Polyansky,V"]
[Black "Serdjukov,S"]
[Result "0-1"]
[WhiteElo "1998"]
[BlackElo "2102"]

1.e4 c5 2.Nf3 e6 3.d4 cxd4 4.Nxd4 a6 5.Nc3 b5 6.Bd3 Bb7 7.O-O Qc7 8.Qf3 Nf6
9.Bf4 d6 10.Be3 Nbd7 11.Qh3 Ne5 12.f3 b4 13.Nce2 d5 14.exd5 Nxd5 15.Bf2 Bd6
16.a3 h6 17.axb4 Nxb4 18.Bc4 O-O 19.b3 Rfd8 20.Be1 Qb6 21.Bh4 Rdc8 22.Rad1  0-1

[Event "Open"]
[Site "Eforie Nord ROU"]
[Date "2010.06.25"]
[Round "9"]
[White "Baciu,A"]
[Black "Taras,D"]
[Result "0-1"]
[WhiteElo "2167"]
[BlackElo "2285"]

1.e4 c5 2.Nf3 e6 3.d4 cxd4 4.Nxd4 a6 5.Nc3 Qc7 6.Bd3 Nc6 7.Nxc6 Qxc6 8.Qe2 Be7
9.a4 d6 10.O-O Bd7 11.a5 Nf6 12.f4 O-O 13.e5 Ne8 14.Ne4 d5 15.Ng3 g6 16.Be3 Ng7
17.Kh1 Bc5 18.Bd2 h5 19.f5 exf5 20.Bg5 Rae8 21.Bf6 Be7 22.Qf3 Bxf6 23.exf6 Qxf6
24.Qxd5 Bc6 25.Qc4 h4 26.Ne4 Qd8 27.Nf2 Qg5 28.Rg1 Re3 29.Nd1 Re1 30.Qd4 Qxg2+  0-1

[Event "Open"]
[Site "Eforie Nord ROU"]
[Date "2010.06.25"]
[Round "9"]
[White "Vocaturo,D"]
[Black "Manolache,M"]
[Result "0-1"]
[WhiteElo "2493"]
[BlackElo "2527"]

1.e4 c5 2.Nf3 e6 3.d4 cxd4 4.Nxd4 a6 5.Nc3 Qc7 6.Bd3 Bc5 7.Be3 Nf6 8.Qf3 d6
9.O-O-O O-O 10.Nb3 Bxe3+ 11.Qxe3 Nc6 12.Rhg1 b5 13.g4 b4 14.g5 Nd7 15.Na4 Nce5
16.Nd2 Bb7 17.b3 Nxd3+ 18.Qxd3 Ne5 19.Qe2 Rac8 20.Nb1 Bc6 21.Rg3 Bb5 22.Qd2 Bxa4
23.bxa4 Qc6 24.a3 a5 25.axb4 axb4 26.Rb3 Qxe4 27.f3 Nxf3 28.Qd3 Qf4+ 29.Qe3 Qf5
30.Qd3 Qxg5+ 31.Nd2 Ne5 32.Qe4 Rc4 33.Qe3 Qxe3 34.Rxe3 Rc6 35.Nf3 Nxf3 36.Rxf3 Ra8
37.Rd4 Rxa4 38.Rff4 Ra2 39.Rc4 Rxc4 40.Rxc4 g5  0-1

[Event "HSG Open"]
[Site "Hilversum NED"]
[Date "2010.06.26"]
[Round "1"]
[White "Nagtegaal,K"]
[Black "Abma,K"]
[Result "1-0"]
[WhiteElo "2200"]
[BlackElo "1981"]

1.e4 c5 2.Nf3 e6 3.Nc3 a6 4.d4 cxd4 5.Nxd4 Qc7 6.Bd3 Bc5 7.Nb3 Be7 8.O-O Nf6
9.f4 d6 10.Qe2 Nbd7 11.Bd2 O-O 12.Rae1 e5 13.Nd5 Nxd5 14.exd5 f5 15.fxe5 Nxe5
16.Ba5 Qd7 17.Nd4 Qa4 18.Bc3 Nxd3 19.Qxd3 Bf6 20.Nf3 Bd7 21.Bxf6 Rxf6 22.b3 Qg4
23.Re7 Rg6 24.Rf2 f4 25.Nd4 f3 26.h3 Qg5 27.Rxd7 Qc1+ 28.Qf1 Qe3 29.Nxf3 Rf8
30.Qd3 Qe8 31.Rxb7  1-0

[Event "Open"]
[Site "Eforie Nord ROU"]
[Date "2010.06.27"]
[Round "11"]
[White "Fier,A"]
[Black "Manolache,M"]
[Result "1/2-1/2"]
[WhiteElo "2581"]
[BlackElo "2527"]

1.e4 c5 2.Nf3 e6 3.d4 cxd4 4.Nxd4 a6 5.Nc3 Qc7 6.Qf3 Nf6 7.Bg5 Nc6 8.Nxc6 bxc6
9.Bd3 Be7 10.O-O h6 11.Bd2 d6 12.Qg3 Nh5 13.Qg4 g6 14.Qd1 e5 15.Be2 Nf4 16.Bxf4 exf4
17.Qd4 O-O 18.Bc4 Qa5 19.Ne2 Qg5 20.Qd2 d5 21.exd5 Bh3 22.Nxf4 Bxg2 23.h4 Qxh4
24.Kxg2 Qg4+ 25.Kh1 Qh4+ 26.Kg2 Qg4+ 27.Kh1 Qh4+  1/2-1/2

[Event "HSG Open"]
[Site "Hilversum NED"]
[Date "2010.06.28"]
[Round "3"]
[White "Schroer,M"]
[Black "Nijboer,F"]
[Result "0-1"]
[WhiteElo "2105"]
[BlackElo "2567"]

1.e4 c5 2.Nf3 e6 3.d4 cxd4 4.Nxd4 a6 5.Nc3 b5 6.Be3 Bb7 7.f3 Nf6 8.Be2 d6
9.O-O Be7 10.Qe1 O-O 11.a4 b4 12.Nd1 a5 13.Nf2 Nbd7 14.Nd3 Rc8 15.Qf2 Re8
16.Rad1 Bf8 17.Rd2 e5 18.Nf5 d5 19.Qg3 Kh8 20.exd5 Nxd5 21.Bf2 g6 22.Nh4 Bh6
23.Rfd1 Qf6 24.Qh3 Bxd2 25.Rxd2 Rc7 26.f4 e4 27.Bg4 exd3 28.Bxd7 dxc2  0-1

[Event "1st Open"]
[Site "Marrakesh MAR"]
[Date "2010.06.29"]
[Round "6"]
[White "Mounib,A"]
[Black "Tissir,M"]
[Result "1/2-1/2"]
[WhiteElo "2169"]
[BlackElo "2474"]

1.e4 c5 2.Nf3 e6 3.d4 cxd4 4.Nxd4 a6 5.Nc3 Qc7 6.Be2 b5 7.a3 Bb7 8.O-O Nf6
9.Qd3 d6 10.f4 Nbd7 11.Bf3 e5 12.Nf5 g6 13.Ng3 exf4 14.Bxf4 Ne5 15.Bxe5 dxe5
16.Kh1 Bg7 17.a4 b4 18.Nd5 Bxd5 19.exd5 Qd6 20.c4 bxc3 21.bxc3 O-O 22.Rab1 Rab8
23.c4 Qc5 24.Be2 Rxb1 25.Qxb1 h5 26.Rxf6 Bxf6 27.Ne4 Qe3 28.Nxf6+ Kg7 29.Qf1 Rb8
30.h4 Qg3 31.Nd7 Qxh4+ 32.Kg1 Rb2 33.c5 Qd4+ 34.Kh1 Qh4+ 35.Kg1 Qd4+ 36.Kh1 Qh4+
37.Kg1 Qd4+ 38.Kh1 Qh4+  1/2-1/2

[Event "HSG Open"]
[Site "Hilversum NED"]
[Date "2010.06.30"]
[Round "5"]
[White "Burton,G"]
[Black "Van der Kooij,P"]
[Result "1-0"]
[WhiteElo "2083"]
[BlackElo "2054"]

1.e4 c5 2.Nf3 e6 3.Nc3 a6 4.d4 cxd4 5.Nxd4 Qc7 6.Bd3 Nf6 7.O-O Nc6 8.Nb3 b5
9.Be3 Ne5 10.Bd4 d6 11.f4 Nxd3 12.cxd3 e5 13.fxe5 dxe5 14.Rxf6 exd4 15.Nd5 Qd8
16.Rc6 Be6 17.Nc7+ Kd7 18.Rxe6 fxe6 19.Nxa8 Qxa8 20.Qh5 g6 21.Qe5 Bd6 22.Qg7+  1-0

[Event "IsBank TCh-TUR"]
[Site "Konya TUR"]
[Date "2010.07.01"]
[Round "4"]
[White "Vural,O"]
[Black "Deruni,B"]
[Result "0-1"]
[WhiteElo "1896"]
[BlackElo "2107"]

1.e4 c5 2.Nf3 e6 3.d4 cxd4 4.Nxd4 a6 5.Nc3 Qc7 6.Bd3 Nf6 7.O-O Nc6 8.Nb3 Be7
9.f4 d6 10.a4 O-O 11.Qe2 Nb4 12.Kh1 Bd7 13.Rf3 e5 14.f5 d5 15.Rg3 Kh8 16.exd5 Nbxd5
17.Nxd5 Nxd5 18.Qh5 Nf6 19.Qg5 Rg8 20.Qh4 Bc6 21.Bg5 h6 22.Bxh6 Nh7 23.Bg5 Bxg5
24.Rxg5 g6 25.f6 e4 26.Rg3 g5 27.Qh6 Qf4 28.Rh3 Qf5 29.Rf1 Qg6 30.Bc4 Qxh6
31.Rxh6 Rg6 32.Rxg6 fxg6 33.Nd4 Bxa4 34.b3 Bd7 35.Bd5 Rf8 36.f7 Bc8 37.Be6 b5
38.Bxc8 Rxc8 39.Ne6 Nf8 40.Nxg5 Rxc2 41.Nxe4 Kg7 42.Nd6 Rd2 43.Ne8+ Kh8 44.g4 Rd3
45.g5 Rxb3 46.Rf4 Rh3 47.Kg2 Rh7 48.h4 a5 49.Nc7 b4 50.Nd5 b3 51.Nc3 Kg7
52.Kf2 Rh8 53.Ke2 Ne6 54.Rf6 Nc5 55.Kd1 Rf8 56.Rc6 Nd3 57.Kd2 Nb4 58.Rc7 Rxf7
59.Rxf7+ Kxf7 60.Kc1 Na2+  0-1

[Event "ROC Nova College GpA"]
[Site "Haarlem NED"]
[Date "2010.07.02"]
[Round "1"]
[White "Haslinger,S"]
[Black "Ypma,P"]
[Result "1-0"]
[WhiteElo "2552"]
[BlackElo "2074"]

1.e4 c5 2.Nf3 e6 3.d4 cxd4 4.Nxd4 a6 5.Nc3 Qc7 6.Bd3 Bc5 7.Nb3 Be7 8.O-O b5
9.f4 Bb7 10.Qe2 Nc6 11.e5 f5 12.a3 Nh6 13.Qh5+ Nf7 14.Be3 g6 15.Qh3 Na5 16.Nxa5 Qxa5
17.Be2 Qc7 18.Bf3 Nd8 19.Rfd1 Bxf3 20.Qxf3 Qc6 21.Qf2 Nb7 22.Na2 Rc8 23.Nb4 Bxb4
24.axb4 d5 25.exd6 Nxd6 26.Bc5 Ne4 27.Qd4 Rg8 28.Rxa6  1-0

[Event "IsBank TCh-TUR"]
[Site "Konya TUR"]
[Date "2010.07.02"]
[Round "6"]
[White "Korkmaz,N"]
[Black "Haznedaroglu,K"]
[Result "1/2-1/2"]
[WhiteElo "2199"]
[BlackElo "2501"]

1.e4 c5 2.Nf3 e6 3.d4 cxd4 4.Nxd4 a6 5.Nc3 Qc7 6.Bd3 Nf6 7.O-O h5 8.h3 Bc5
9.Be3 b5 10.Bxb5 axb5 11.Ndxb5 Qb6 12.Bxc5 Qxc5 13.b4 Qc6 14.e5 Ng8 15.Nd6+ Kf8
16.Nce4 f5 17.b5 Qc7 18.Qf3 Bb7 19.Qg3 Ne7 20.Ne8 Kxe8 21.Qxg7 Bxe4 22.Qxh8+ Kf7
23.Qf6+ Kg8 24.Qg5+ Kh8 25.Qh6+ Kg8 26.Qg5+ Kh8 27.Qh6+ Kg8 28.Qg5+ Kh8 29.Qh6+ Kg8
30.Qg5+  1/2-1/2

[Event "HSG Open"]
[Site "Hilversum NED"]
[Date "2010.07.03"]
[Round "8"]
[White "Van Brussel,B"]
[Black "Kunnen,Ruurd"]
[Result "1/2-1/2"]
[WhiteElo "1887"]
[BlackElo "1986"]

1.e4 c5 2.Nf3 e6 3.d4 cxd4 4.Nxd4 a6 5.Nc3 Qc7 6.g3 Nf6 7.Bg2 Nc6 8.Nxc6 dxc6
9.O-O e5 10.a4 Be6 11.b3 Rd8 12.Qe2 Bc5 13.Be3 Qa5 14.Bxc5 Qxc5 15.Nd1 Bg4
16.Qe3 Qxc2 17.Rc1 Qd3 18.Qg5 O-O 19.Ne3 Be6 20.Qxe5 Qxb3 21.Rb1 Qxa4 22.Rxb7 c5
23.Qxc5 Nxe4 24.Qb4 Qxb4 25.Rxb4 Nd2 26.Ra1 Rd6 27.Rba4 a5 28.Rxa5 Nb3  1/2-1/2

[Event "ch-PAR"]
[Site "Asuncion URU"]
[Date "2010.07.04"]
[Round "9"]
[White "Villalba,M"]
[Black "Jodorcovsky,P"]
[Result "1/2-1/2"]
[WhiteElo "2127"]
[BlackElo "2195"]

1.e4 c5 2.Nf3 e6 3.d4 cxd4 4.Nxd4 a6 5.Nc3 Qc7 6.Bd3 Nc6 7.Be3 Nf6 8.O-O Ne5
9.Be2 b5 10.f3 Bb7 11.Bd3 Nc4 12.Bxc4 Qxc4 13.Nce2 Qc7 14.a4 bxa4 15.Rxa4 d5
16.e5 Qxe5 17.Bf4 Qh5 18.Ng3 Qg6 19.Kh1 Be7 20.Qe2 Rd8 21.Rxa6 Bxa6 22.Qxa6 O-O
23.Nc6 Rd7 24.Nxe7+ Rxe7 25.Bd6 Ree8 26.Bxf8 Rxf8 27.Qc6 h5 28.Qc3 Rb8 29.b4 d4
30.Qxd4 Qxc2 31.Qe5 Rxb4 32.Nxh5 Nxh5 33.Qxh5 Rb1 34.Kg1 Rb2 35.Qg5 Qd3 36.h3 Rb5
37.Qg3 Qe3+ 38.Qf2 Qe5 39.Re1 Qf6 40.Re4 Qc3 41.Kh2 g6 42.Qe3 Qc7+ 43.Qf4 Qxf4+
44.Rxf4 e5 45.Ra4 Kg7 46.Ra7 Kf6 47.Kg3 Ke6 48.Ra6+ Kf5 49.Ra7 f6 50.Ra6 g5
51.h4 gxh4+ 52.Kxh4 Kg6 53.Ra4 Rb2 54.Kg3 Kg5 55.Rg4+ Kf5 56.Ra4 Rd2 57.Rb4 Rd6
58.Kf2 Rd3 59.Kg3 Rd6 60.Kf2  1/2-1/2

[Event "ch-PAR"]
[Site "Asuncion URU"]
[Date "2010.07.04"]
[Round "9"]
[White "Zarate,F"]
[Black "Bustos,Sebastian"]
[Result "1-0"]
[WhiteElo "1701"]
[BlackElo "1804"]

1.e4 c5 2.Nf3 e6 3.d4 cxd4 4.Nxd4 a6 5.Nc3 b5 6.Be3 Bb7 7.f3 Bb4 8.Qd2 Qc7
9.Nde2 Nc6 10.O-O-O Nf6 11.Kb1 O-O 12.g4 Ne5 13.Bf4 d6 14.Bxe5 dxe5 15.Bg2 Rfd8
16.Qe3 Bc5 17.Qc1 Qb6 18.Rxd8+ Rxd8 19.Qg5 Qc7 20.a3 Be7 21.Qe3 Bc5 22.Qg5 Be7
23.Qe3 Bc5 24.Qg5 h6 25.Qc1 Qb6 26.h4 Be3 27.Qe1 Ne8 28.Qg3 Qc7 29.g5 h5
30.g6 f5 31.exf5 exf5 32.Bh3 f4 33.Be6+ Kf8 34.Qh3 Nf6 35.Rf1 Rd2 36.Qf5 Ke7
37.Nc1 Bc6 38.Nd3 Bd4 39.Re1 Rxd3 40.Qxd3 Bxc3 41.Qxc3 Kxe6 42.Qb4 Qd6 43.Qxf4 Qd5
44.Qg5 Kd6 45.Kc1 Qe6 46.f4 e4 47.b4 Bd5 48.Qg1 Ng4 49.Qc5+ Kd7 50.Rd1 Nf6
51.Qa7+ Ke8 52.Qxg7 Qe7 53.Qh8+ Bg8 54.Qh6 Bc4 55.g7 Be2 56.Qg6+ Qf7 57.g8=Q+ Nxg8
58.Rd8+ Ke7 59.Qd6+  1-0

[Event "9th Open"]
[Site "La Fere FRA"]
[Date "2010.07.05"]
[Round "4"]
[White "Guille,N"]
[Black "Calonne,P"]
[Result "0-1"]
[WhiteElo "1775"]
[BlackElo "1559"]

1.e4 c5 2.Nf3 e6 3.d4 cxd4 4.Nxd4 a6 5.Nc3 Qc7 6.Nf3 Nc6 7.Bc4 Nf6 8.Bb3 Bd6
9.O-O O-O 10.Re1 Ng4 11.g3 Nge5 12.Nh4 Be7 13.Ng2 Na5 14.Bf4 Bf6 15.Ne3 d6
16.Ng4 Nxg4 17.Bxd6 Qb6 18.Qxg4 Qxd6 19.Rad1 Qc7 20.Rd3 Nc4 21.Bxc4 Qxc4
22.b3 Qc7 23.Ree3 b5 24.f4 Bxc3 25.Rxc3 Qb6 26.Kg2 Bb7 27.a3 Rac8 28.f5 exf5
29.Qxf5 Rxc3 30.Rxc3 Qd4 31.Qc5 Bxe4+ 32.Kf1 Qxc5 33.Rxc5 Rb8 34.Kf2 g6 35.b4 Rb6
36.c4 bxc4 37.Rxc4 Bc6 38.Ke3 Bb5 39.Rd4 f5 40.Kf4 Kg7 41.g4 fxg4 42.Kxg4 Re6
43.Rf4 Re3 44.h4 Be2+  0-1

[Event "ch-SWE Mastarklassen"]
[Site "Lund SWE"]
[Date "2010.07.05"]
[Round "3"]
[White "Wahlstrom,L"]
[Black "Wihlborn,B"]
[Result "1-0"]
[WhiteElo "2169"]
[BlackElo "1899"]

1.e4 c5 2.Nf3 e6 3.Nc3 a6 4.d4 cxd4 5.Nxd4 Qc7 6.Be2 Nf6 7.O-O Be7 8.f4 d6
9.Kh1 b5 10.Bf3 Bb7 11.e5 dxe5 12.fxe5 Nfd7 13.Bxb7 Qxb7 14.Qg4 g6 15.Bh6 Nxe5
16.Qf4 Bd6 17.Ne4 Bc7 18.Bg7  1-0

[Event "ch-SWE Mastarklassen"]
[Site "Lund SWE"]
[Date "2010.07.05"]
[Round "3"]
[White "Mardell,Ji"]
[Black "Eklund,J"]
[Result "1-0"]
[WhiteElo "2151"]
[BlackElo "2192"]

1.e4 c5 2.Nf3 e6 3.Nc3 a6 4.d4 cxd4 5.Nxd4 Qc7 6.Bd3 Nf6 7.O-O d6 8.f4 b5
9.Kh1 Bb7 10.e5 dxe5 11.fxe5 Qxe5 12.Bf4 Qc5 13.Be3 Be7 14.Qd2 Qc7 15.Rae1 O-O
16.Bg5 Nbd7 17.Nf5 Bd8 18.Bf4 Qb6 19.Nd6 Bc6 20.Re3 Nd5 21.Bxh7+ Kxh7 22.Rh3+ Kg8
23.Bh6 Bf6 24.Rxf6 N7xf6 25.Bxg7 Ng4 26.Bf6 Nf2+ 27.Qxf2 Qxf2 28.Rh8+  1-0

[Event "IsBank TCh-TUR"]
[Site "Konya TUR"]
[Date "2010.07.06"]
[Round "10"]
[White "Sanal,S"]
[Black "Arig,B"]
[Result "1-0"]
[WhiteElo "1713"]
[BlackElo "1778"]

1.e4 c5 2.Nf3 e6 3.d4 cxd4 4.Nxd4 a6 5.Nc3 Qc7 6.g3 b5 7.Bg2 Bb7 8.O-O Nf6
9.a3 Be7 10.Kh1 h5 11.Bg5 d6 12.h3 Nbd7 13.Qe2 Qc5 14.Be3 Ng4 15.Nxe6 Qe5
16.Nc7+ Kd8 17.Nxa8 Bxa8 18.hxg4 hxg4+ 19.Kg1 Qh5 20.f3 Qh2+ 21.Kf2 Rh3 22.Ke1 Qxg3+
23.Qf2 Bh4 24.Qxg3 Bxg3+ 25.Bf2 Bxf2+ 26.Kxf2 g3+ 27.Kg1 Rh6 28.Ne2 Rg6 29.b3 Ke7
30.Rad1 Nf6 31.Rd3 Nh5 32.Rc3 Kd7 33.Bh3+ Ke7 34.Rc8 Bxe4 35.fxe4 Nf6 36.Nf4  1-0

[Event "ch-SWE Veterans"]
[Site "Lund SWE"]
[Date "2010.07.06"]
[Round "4"]
[White "Finnlaugsson,G"]
[Black "Andersson,S"]
[Result "1/2-1/2"]
[WhiteElo "2076"]
[BlackElo "2057"]

1.e4 c5 2.Nf3 e6 3.d4 cxd4 4.Nxd4 a6 5.Nc3 Qc7 6.g3 Bb4 7.Ne2 Nf6 8.Bg2 d5
9.O-O dxe4 10.Nxe4 Nxe4 11.Bxe4 O-O 12.c3 Be7 13.Nf4 Nd7 14.Qe2 Nf6 15.Bg2 Bd7
16.Re1  1/2-1/2

[Event "ch-Paris Int"]
[Site "Paris FRA"]
[Date "2010.07.06"]
[Round "4"]
[White "Sethuraman,S"]
[Black "David,Alb"]
[Result "1/2-1/2"]
[WhiteElo "2513"]
[BlackElo "2622"]

1.e4 c5 2.Nf3 e6 3.d4 cxd4 4.Nxd4 a6 5.Nc3 Qc7 6.Bd3 Nf6 7.Qe2 d6 8.f4 Nbd7
9.g4 h6 10.Bd2 Nc5 11.f5 b5 12.b4 Nxd3+ 13.cxd3 Be7 14.Rc1 Qd7 15.O-O Bd8
16.Be3 Bb6 17.Nc2 Bc7 18.Nd4 Bb6 19.Nc2  1/2-1/2

[Event "ch-Paris Int"]
[Site "Paris FRA"]
[Date "2010.07.06"]
[Round "4"]
[White "Sochacki,C"]
[Black "Kunte,A"]
[Result "0-1"]
[WhiteElo "2365"]
[BlackElo "2521"]

1.e4 c5 2.Nf3 e6 3.Nc3 a6 4.d4 cxd4 5.Nxd4 d6 6.Bd3 Nf6 7.O-O b5 8.Qe2 Bb7
9.Bd2 Nbd7 10.a4 bxa4 11.Nxa4 Be7 12.Nb3 O-O 13.Na5 Qc7 14.b4 Ne5 15.Rfc1 Rac8
16.Nc3 Nxd3 17.cxd3 Qb8 18.d4 Ba8 19.d5 exd5 20.exd5 Rfe8 21.Qxa6 Qxb4 22.Nc6 Qb7
23.Bg5 Qd7 24.Na4 Nxd5 25.Nxe7+ Nxe7 26.Rxc8 Qxc8 27.Qxd6 Qg4 28.Qg3 Qd4
29.Re1 f6 30.Bh6 Nf5 31.Qb3+ Bd5 32.Rxe8+ Kf7 33.Rd8 Qa1+  0-1

[Event "ch-SWE Mastarklassen"]
[Site "Lund SWE"]
[Date "2010.07.07"]
[Round "5"]
[White "Rosell,T"]
[Black "Eklund,J"]
[Result "1/2-1/2"]
[WhiteElo "2191"]
[BlackElo "2192"]

1.e4 c5 2.Nf3 e6 3.d4 cxd4 4.Nxd4 a6 5.Nc3 Qc7 6.Be2 b5 7.O-O Bb7 8.Re1 Nc6
9.Bf1 Nf6 10.Nxc6 Qxc6 11.e5 b4 12.Ne2 Nd5 13.Nf4 Nxf4 14.Bxf4 Be7 15.Qd3 O-O
16.Rac1 Qd5 17.Qb3 a5 18.Rcd1 Qc6 19.Qg3 f5 20.Qd3 Rfd8 21.Qc4 a4 22.Qxc6 Bxc6
23.Bc4 Kf7 24.Be3 g5 25.f4 gxf4 26.Bxf4 Rg8 27.Rd2 Rg4 28.g3 Bc5+ 29.Kf1 Rag8
30.b3 a3 31.Be3 Bxe3 32.Rxe3 Ke7 33.Be2 R4g5 34.Rd4 Rb8 35.Kf2 Be4 36.c3 Bb1
37.Rd2 Rgg8 38.cxb4 Rxb4 39.Bf3 Rc8 40.Re1 Rxb3 41.axb3 a2 42.Rxa2 Bxa2 43.Bd1 Rc1
44.Re2 Bb1 45.Re1 Be4 46.Ke3 Rb1 47.Kf2 Bd5 48.Bc2 Rb2 49.Re2 Bxb3 50.Bd3 Rxe2+
51.Kxe2 Bd5 52.g4 fxg4 53.Bxh7 d6 54.Bg6 dxe5 55.Bh5 Bf3+ 56.Ke3 e4 57.Bg6 Kf6
58.Be8 Kg5 59.Bd7 Kh4 60.Bxe6 Kh3 61.Bf5 Kxh2 62.Bxg4 Bxg4 63.Kxe4  1/2-1/2

[Event "IsBank TCh-TUR"]
[Site "Konya TUR"]
[Date "2010.07.08"]
[Round "13"]
[White "Kaplan,E"]
[Black "Sanal,S"]
[Result "1-0"]
[WhiteElo "1799"]
[BlackElo "1713"]

1.e4 c5 2.Nf3 e6 3.Nc3 a6 4.d4 cxd4 5.Nxd4 b5 6.g3 Bb7 7.Bg2 Nf6 8.Qe2 Qc7
9.O-O d6 10.a3 Nbd7 11.Nb3 Be7 12.f4 O-O 13.Be3 Nb6 14.Nd2 Rfd8 15.Rac1 Rac8
16.f5 e5 17.Bf2 d5 18.exd5 Nfxd5 19.Nxd5 Bxd5 20.Bxd5 Rxd5 21.Ne4 f6 22.h4 Nc4
23.g4 Nxb2 24.g5 Qc4 25.Qg4 fxg5 26.hxg5 Bxg5 27.Rce1 h6 28.f6 Rdd8 29.Qf5 gxf6
30.Nxg5 hxg5 31.Qg6+ Kh8 32.Qxf6+ Kh7 33.Qf5+ Kg8 34.Qxg5+ Kh7 35.Qh5+ Kg8
36.Rxe5 Rd7 37.Re8+ Kg7 38.Qe5+ Kg6 39.Rxc8 Qxc8 40.Bd4 Rxd4 41.Qf6+ Kh7
42.Qh4+ Kg8 43.Qg5+  1-0

[Event "ch-SWE Mastarklassen"]
[Site "Lund SWE"]
[Date "2010.07.08"]
[Round "6"]
[White "Mardell,Ji"]
[Black "Astrom,G"]
[Result "0-1"]
[WhiteElo "2151"]
[BlackElo "2267"]

1.e4 c5 2.Nf3 e6 3.Nc3 a6 4.d4 cxd4 5.Nxd4 Qc7 6.Be2 b5 7.O-O Bb7 8.Re1 Nc6
9.Nxc6 dxc6 10.e5 Rd8 11.Bd3 c5 12.Qh5 g6 13.Qh3 Bg7 14.Bg5 Rd7 15.f4 c4
16.Be4 b4 17.Bxb7 bxc3 18.Be4 cxb2 19.Rab1 c3 20.Kh1 Qc5 21.Re3 Rc7 22.Rd3 Ne7
23.Bf6 O-O 24.Bxe7 Qxe7 25.Rxc3 Rd8 26.Rxc7 Qxc7 27.Qa3 Qc4 28.Bd3 Qxf4 29.Qa5 Rxd3
30.cxd3 Qc1+ 31.Qe1 Bh6 32.Kg1 Qxe1+ 33.Rxe1 Bc1  0-1